| 000 | 01190cam a22002775a 4500 | ||
|---|---|---|---|
| 001 | 16339755 | ||
| 005 | 20151017153015.0 | ||
| 008 | 100719s2010 enk frb 001 0 eng d | ||
| 020 | _a9780230577329 (hbk.) | ||
| 020 | _a9780230577336 (pbk.) | ||
| 040 |
_aUKM _beng _cUKM _dYDXCP _dBWKUK _dBWK _dBWX _dDEBBG _dNGU _dBTCTA _dOCL _dEUM _dOCL _dLML _dDLC _dEG-ScBUE |
||
| 082 | 0 | 4 |
_a320.54 _bOZK _222 |
| 100 | 1 |
_aÖzkırımlı, Umut. _938498 |
|
| 245 | 1 | 0 |
_aTheories of nationalism : _ba critical introduction / _cUmut Özkirimli. |
| 250 | _a2nd ed., Extended and updated. | ||
| 260 |
_aBasingstoke ; _aNew York : _bPalgrave Macmillan, _c2010. |
||
| 300 |
_axii, 244 p. ; _c24 cm. |
||
| 500 | _aPrevious ed. : Basingstoke : Macmillan, 2000. | ||
| 500 | _aIndex : p. 240-244. | ||
| 504 | _abibliography : p. 220-239. | ||
| 520 | 8 | _aThis overview of theories of nationalism is also a summary of criticisms raised against each of them. Casting doubt on the fundamental assumptions of mainstream analyses, it concludes by proposing an analytical framework for the study of nationalism. | |
| 650 | 0 |
_aNationalism. _2BUEsh |
|
| 651 | _2BUEsh | ||
| 653 |
_bBUSBOL _cJune2015 _cOctober2015 |
||
| 942 | _2ddc | ||
| 999 |
_c19986 _d19958 |
||